Statistics for Guess Kpop girlgroup songs through emojis(pt9)

Click here to take the quiz!

General Stats

  • This quiz has been taken 32 times
  • The average score is 12 of 28

Answer Stats

Answer% Correct
You & me - Jennie / U&i - Ailee / You&I - IU
89%
The blue bird - APRIL
75%
Ice cream - BLACKPINK & Selena Gomez / Ice cream - Hyuna
71%
Bubble - STAYC
64%
The red shoes - IU
61%
Flash - Rocket Punch / The flash - Kwon Eun Bi
57%
Magic girl - Orange Caramel
57%
Signal - Twice
57%
Queendom - Red Velvet
54%
Sour grapes - LE SSERAFIM
50%
Volume up - 4Minute
50%
Breathe - Lee Hi / Breathe - Miss A
46%
24 hours - Sunmi
43%
Starlight - Taeyeon(ft. Dean)
43%
Wings - PIXY
43%
I love my body - Hwasa
39%
Danger - woo!ah!
36%
Gum - Jessi
36%
Underwater - Kwon Eun Bi
36%
Snowy night - Billlie
32%
Salty & sweet - aespa
25%
Honey or spice - LIGHTSUM
21%
Wannabe - ITZY
21%
Candy jelly love - Lovelyz
18%
Holiday party - Weeekly
11%
Ditto - Newjeans
7%
I got a boy - SNSD
7%
Destiny - Lovelyz
0%

Score Distribution

Percentile by Number Answered

Percent of People with Each Score

Your Score History

You have not taken this quiz